Central Library OPAC University of Rajshahi

মুক্তিযুদ্ধে শহীদ : (Record no. 54466)

MARC details
000 -LEADER
fixed length control field 00957nam a2200241 a 4500
001 - CONTROL NUMBER
control field 54466
003 - CONTROL NUMBER IDENTIFIER
rucl marc code BD-RjUL
005 - DATE AND TIME OF LATEST TRANSACTION
control field 20211209080127.0
008 - FIXED-LENGTH DATA ELEMENTS--GENERAL INFORMATION
fixed length control field 161107s1987 bg ||||| |||| 00| 0 ben d
020 ## - INTERNATIONAL STANDARD BOOK NUMBER
Terms of availability : TK 10.00
035 ## - SYSTEM CONTROL NUMBER
System control number (BD-RjUL)54588
040 ## - CATALOGING SOURCE
Original cataloging agency BD-RjUL
Language of cataloging ben
Transcribing agency BD-RjUL
041 ## - LANGUAGE CODE
Language code of text/sound track or separate title ben
082 ## - DEWEY DECIMAL CLASSIFICATION NUMBER
Edition number 23
Classification number 954.9205
Author mark and year MUK 1987
245 00 - TITLE STATEMENT
Title মুক্তিযুদ্ধে শহীদ :
Remainder of title রাজশাহী বিশ্ববিদ্যালয় /
260 ## - PUBLICATION, DISTRIBUTION, ETC. (IMPRINT)
Place of publication, distribution, etc. রাজশাহী :
Name of publisher, distributor, etc. শহীদ স্মৃতিতি সংগ্রহশালা, রাজশাহী বিশ্ববিদ্যালয়,
Date of publication, distribution, etc. ১৯৮৭
300 ## - PHYSICAL DESCRIPTION
Pagination ৩১ পৃ. ;
Size ২১ সেমি.
490 ## - SERIES STATEMENT
Series statement শসস ;
Volume/sequential designation
650 ## - SUBJECT ADDED ENTRY--TOPICAL TERM
Topical term or geographic name as entry element মুক্তিযুদ্ধ
Geographic subdivision বাংলাদেশ
9 (RLIN) 162507
Topical term or geographic name as entry element Liberation War
Geographic subdivision Bangladesh
9 (RLIN) 162508
830 ## - SERIES ADDED ENTRY--UNIFORM TITLE
Uniform title শসস ;
Volume number/sequential designation
942 ## - ADDED ENTRY ELEMENTS (KOHA)
Source of classification or shelving scheme Dewey Decimal Classification
Koha item type Books
Holdings
Lost status Source of classification or shelving scheme Damaged status Not for loan Collection code Permanent Location Current Location Shelving location Date acquired Source of acquisition Cost, normal purchase price Total Checkouts Full call number Date last seen Copy number Koha item type
  Dewey Decimal Classification     Non-fiction Central Library, University of Rajshahi Central Library, University of Rajshahi   20/08/1987 RUCL 10.00   B 954.92405 MUK 1987 07/11/2016 C-2 Books
  Dewey Decimal Classification   Not For Loan Rare Books Central Library, University of Rajshahi Central Library, University of Rajshahi Rare Book Section 20/08/1987 Shahid smrity Samgrahashala, R. U. 10.00   BRA 954.9205 MUK 1987 08/09/2021 C-1 Books
  Dewey Decimal Classification     Non-fiction Central Library, University of Rajshahi Central Library, University of Rajshahi   20/08/1987 Shahid smrity Samgrahashala, R. U. 10.00   B 954.9205 MUK 1987 08/09/2021 C-3 Books
  Dewey Decimal Classification     Non-fiction Central Library, University of Rajshahi Central Library, University of Rajshahi   20/08/1987 Shahid smrity Samgrahashala, R. U. 10.00   B 954.9205 MUK 1987 08/09/2021 C-4 Books
  Dewey Decimal Classification     Non-fiction Central Library, University of Rajshahi Central Library, University of Rajshahi   20/08/1987 Shahid smrity Samgrahashala, R. U. 10.00   B 954.9205 MUK 1987 08/09/2021 C-5 Books
  Dewey Decimal Classification     Non-fiction Central Library, University of Rajshahi Central Library, University of Rajshahi   20/08/1987 Shahid smrity Samgrahashala, R. U. 10.00   B 954.9205 MUK 1987 08/09/2021 C-6 Books
  Dewey Decimal Classification     Non-fiction Central Library, University of Rajshahi Central Library, University of Rajshahi   20/08/1987 Shahid smrity Samgrahashala, R. U. 10.00   B 954.9205 MUK 1987 08/09/2021 C-7 Books
  Dewey Decimal Classification     Non-fiction Central Library, University of Rajshahi Central Library, University of Rajshahi   20/08/1987 Shahid smrity Samgrahashala, R. U. 10.00   B 954.9205 MUK 1987 08/09/2021 C-8 Books